000 00532nam a2200193Ia 4500
003 IN-BaIIA
008 211028s9999 xx 000 0 eng d
020 _a0-8317-0476-4
040 _cIIA Library
080 _a52
_bRID
100 _aRidpath, Ian
_918495
245 0 _aAstronomy
_cIan Ridpath
260 _aNew York
_bGallery Books
_c1991
300 _a191p.
650 _aAstronomy
_980
650 _aAstronomy and astrophysics thesaurus
650 _aSolar system
942 _cBK
999 _c10816
_d10816